00458nam a2200181Ia 4500008004100000020001400041050001400055100001700069245004700086245004400133260001500177260001600192260000900208300001400217300002700231300001000258500000800268170918s9999 xx 000 0 und d a590504932 bT365 1998 aThaler, Mike 4aThe cafeteria lady from the black lagoon / cMike Thaler ; illustrated by Jared Lee. aNew York : bScholastic, c1998 aunpaged : bcolored illustration ; c21cm. a550